Teddy or FDR? Quiz Stats

Quiz Updated Oct 8, 2012

Challenge
Share
Tweet
Embed
Score 0/26 Timer 04:00
2 Plays Today
Info T or F? % Correct
Had a stuffed bear named after him, allegedly after declining to shoot a live one???
96.8%
Sustained an injury during a boxing match while in office, leaving him blind in his left eye???
89.1%
His 'New Deal' program dramatically enlarged both the power and responsibility of the federal government???
87.8%
Held the office of President longer than any other???
87.8%
Gave a 90-minute campaign speech with blood seeping into his shirt, having just been shot in the chest???
87.7%
“The only thing we have to fear is fear itself.”???
86.4%
First president to speak on television???
85.9%
“Speak softly and carry a big stick; you will go far.”???
85.4%
Credited with having more influence on the creation and preservation of National Parks than any other president???
84.7%
The youngest president???
84.5%
First president to name a woman to his cabinet???
80.5%
First president to travel outside of the continental United States while in office???
75.2%
“If you could kick the person in the pants responsible for most of your trouble, you wouldn't sit for a month.”???
74%
Info T or F? % Correct
First president whose mother was allowed to vote for him???
70.4%
Threatened to add more justices to the Supreme Court in order to gain support for his legislation???
70.1%
Will be portrayed by Bill Murray in the upcoming film 'Hyde Park on the Hudson'???
68.7%
Served as both Governor of New York and Vice President of the United States???
66%
Was said to have an eidetic or photographic memory and could memorize entire books (of which he wrote over 35) ???
60.2%
Only person to receive both the US Medal of Honor and the Nobel Peace Prize???
58.5%
Maxwell House claims its 'good to the last drop' slogan was coined by him???
55.4%
Had one of the largest stamp collections in the world???
55%
Was forced to wear a dress until he was five years old???
53.5%
Was once the planned subject of a Martin Scorsese/Leonardo Dicaprio film collaboration???
51.8%
“Be sincere, be brief, be seated.”???
49.5%
Was the first to create a Presidential library???
48.9%
Favorite poem: Rudyard Kipling's 'If'???
40.5%

You're not logged in!

Compare scores with friends on all Sporcle quizzes.
Join for Free
OR
Log In

You Might Also Like...

Show Comments

Extras

Top Quizzes Today


Score Distribution

Your Account Isn't Verified!

In order to create a playlist on Sporcle, you need to verify the email address you used during registration. Go to your Sporcle Settings to finish the process.

Report this User

Report this user for behavior that violates our Community Guidelines.

Details: